| 000 | 00712cam a2200229 4500 | ||
|---|---|---|---|
| 008 | 090401t1988 xxu||||| |||| 00| 0 eng d | ||
| 020 | _a0117521558 | ||
| 035 | _a(Sirsi) u34422 | ||
| 041 | _aeng | ||
| 050 | _a711.73 | ||
| 110 |
_aUnited Kingdom _bDepartment of the Environment _9982 |
||
| 245 | _aPlanning policy guidance : highways considerations in development control | ||
| 260 |
_aLondon _bHMSO _c1988 |
||
| 300 | _a(9)p. : ill. ; 30cm. | ||
| 350 | _a2.4 | ||
| 490 |
_aPPG _v13 |
||
| 650 | _aPLANNING POLICY GUIDANCE NOTE 13 | ||
| 650 | _aPROPERTY-INFRASTRUCTURE-TRANSPORT INFRASTRUCTURE-ROAD INFRASTRUCTURE | ||
| 710 |
_aUnited Kingdom _bWelsh Office _91214 |
||
| 942 | _n0 | ||
| 948 | _c04/03/1997 | ||
| 999 |
_c89944 _d89944 |
||